Statistics for EVERY JetPunker with a Used JetPunk Interesting Fact

Click here to take the quiz!

General Stats

  • This quiz has been taken 10 times
    (4 since last reset)
  • The average score is 14 of 47

Answer Stats

# of factsUser% Correct
1Ooftownroad
75%
1Afghabwe
50%
5Geographystar
50%
6JetPunker180/Jetpunk180
50%
4JohnnyYeet
50%
1MiecraftMan
50%
1TheNatureThread
50%
4Turnbacktwo
50%
11ProximaCentauri
25%
1Achillesfirststand
25%
1Akademici
25%
1AlexThirkell
25%
3Arandomquizzer
25%
1BotswanaEmperor
25%
1Carys888
25%
1Chessplayer
25%
1FaroPor
25%
1Fionathegreat2
25%
1FishJenga
25%
8Gassu
25%
2GrandOldMan/Baxtergrad
25%
1HelveticaBold
25%
1HornetTF666
25%
1Hugopernia
25%
2ilikegeography18
25%
1JWatson24
25%
1Kiwiquizzer
25%
2Kogatora
25%
1Level160
25%
1Lindsaythedog
25%
2LuigiDood227
25%
3MG17
25%
1Mikeb
25%
1mundidades
25%
4NeilVedwan/NeilV
25%
14Pullasorsa
25%
1Regtheledge1000
25%
2Sagaris
25%
1Sammyasf
25%
1Sealantmajor
25%
1SirFilipinoKirby
25%
5SirPhillipines/SirPhilippines
25%
1Thelocalmilkman
25%
1VannMann
25%
1Werifesteria
25%
1Whyschool
25%
1Wolfcam
25%

Score Distribution

Percentile by Number Answered

Percent of People with Each Score

Your Score History

You have not taken this quiz since the last reset